Matemáticas y sus aplicaciones agrícolas /

Guardado en:
Autor Principal: Varona Trigueros, Jesús.
Formato: Libro
Idioma:Spanish
Publicado: Barcelona : Salvat, 1952.
Etiquetas: Agregar Etiqueta
Sin Etiquetas, Sea el primero en etiquetar este registro!
LEADER 00451nam a22001335a 4500
001 EEA.libagro005167
005 20181002113425.0
008 130809s1952####sp#a##########000#0#spa#d
082 0 4 |a 630.21 
100 1 |a Varona Trigueros, Jesús. 
245 1 0 |a Matemáticas y sus aplicaciones agrícolas /  |c por Jesús Varona Trigueros. 
260 |a Barcelona :  |b Salvat,  |c 1952. 
300 |a xvi, 575 p. :  |b ilus. ;  |c 22 cm. 
859 |a AR-BbBCA  |b BIB. AGRONOMIA  |h 630.21  |i V323  |p 1995/2438